| 000 | 00811nam a2200229Ia 4500 | ||
|---|---|---|---|
| 003 | OSt | ||
| 005 | 20220923223649.0 | ||
| 006 | a|||||r|||| 00| 0 | ||
| 007 | ta | ||
| 008 | Pun | ||
| 024 | _a220,009 | ||
| 037 | _cTextual | ||
| 040 |
_aARTS _cARTS _bPun |
||
| 041 |
_2Pun _aPun |
||
| 082 | _aQ8441xK21:g, 153L6;N9 | ||
| 100 |
_aਦੀਵਾਨ ਸਿੰਘ; ਸਤਿੰਦਰ ਸਿੰਘ _9160723 |
||
| 245 | 0 | _aਗੁਰੂ ਤੇਗ਼ ਬਹਾਤਰ*ਚਿੰਤਨ, ਕਲਾ ਤੇ ਬਾਣੀ | |
| 260 |
_aਅਮ੍ਰਿਤਸਰ _b ਗੁਰੂ ਨਾਨਕ ਦੇਵ ਯੁਲੀਗਰਸਿਟੀ _c1999 |
||
| 300 |
_a192ਪੰ _ccm. |
||
| 942 |
_hQ8441xK21:g, 153L6;N9 _cTEXL _2CC |
||
| 999 |
_c366709 _d366709 |
||